000 00468nam a2200145 a 4500
001 000044414
005 20201002045346.0
008 140630s2002 dr ac 000 0 spa d
040 _aDO-SdBNP
_bspa
_cBNPHU
082 _axxxx
_bxxxx
100 1 _aLópez Rodríguez, Adolfo
_955286
245 1 0 _aFlorentino e Inocencio :
_bvidas paralelas /
_cAdolfo López Rodríguez.
260 _aSanto Domingo :
_bImprenta Norcentral,
_c2002.
300 _a111 p. :
_bil., retrs. ;
_c21 cm.
999 _c43903
_d43903